00862nam a2200265Ia 450000500170000000800410001702000180005808200140007610000280009024500820011825000360020030000250023650000190026165000310028065000290031165000330034070000450037394200120041826400280043033600270045833700330048533800280051804000350054699900150058120220317001458.0161108s2011 mx 000 0 s  a978607411071504a028bM15h1 aManguel, Albertod1948- aUna historia de la lecturac Alberto Manguel ; traducción de Eduardo Hojman a1a. edición, 1a reimpresión a578 páginasc22 cm aIncluye anexos142LEMBaLecturavEnseñanza142LEMBaHistoria del libro142LEMBaHistoria de la lectura1 aHojman, Eduardod1964-etraductor973825 2ddccBK aOaxacabAlmadíac2011 atextobtxt2rdacontent asin mediaciónbn2rdamedia avolumenbnc2rdacarrier aCO-BoRNBPbspaerdacCO-BoRNBP c7096d7096